| 000 | 00925nam a2200205 i 4500 | ||
|---|---|---|---|
| 001 | 156205 | ||
| 003 | ES-MaACL | ||
| 005 | 20250724220444.0 | ||
| 008 | 040729s18411844fr abf |||| | fre d | ||
| 040 |
_aCAM _bspa _cCAM |
||
| 100 | 1 |
_aJacquemont, Victor. _9128248 |
|
| 245 | 1 | 0 |
_aVoyage dans l'Inde / _cpar Victor Jacquemont pendant les annes 1828 a 1832 ; publiés sous les auspices de M. Guizot. |
| 260 |
_aParis : _b[s.n.], _c1841-1844 ( _ftypograhie de Firmin Didot Frères) |
||
| 300 |
_a6 v. ; _c36 cm. |
||
| 597 | _aT. I: Journal 1 (1841); T. II: Journal 2 (1841); T. III: Journal 3 (1841); T. IV: Description des collections (1844); T. V: Atlas 1. Planches du Journal (1844); T. VI: Atlas 2. Planches des description de collections (1844) | ||
| 651 | 4 |
_aIndia- _xDescripción. _98839 |
|
| 700 | 1 |
_aGuizot, François, _d1787-1874 _9127641 |
|
| 852 |
_aES-MaACL _jG-2971-76 _z- Enc. hol. |
||
| 999 |
_c156205 _d156205 |
||